Nghiên cứu tách ion Pb2+ trong nước bằng vật liệu hấp thụ tanin được chiết tách từ vỏ keo tai tượng
Đặt vấn đề. Nguyên liệu và phương pháp nghiên cứu. Kết quả và thảo luận.
Đã lưu trong:
| Príomhúdar: | |
|---|---|
| Údair Eile: | |
| Formáid: | Leabhar |
| Teanga: | Vietnamese |
| Foilsithe: |
Đại học Đà Nẵng
Đại học Sư phạm
2011
|
| Sraith: | Báo cáo nghiên cứu khoa học khoa Hóa học.
|
| Ábhair: | |
| Clibeanna: |
Cuir Clib Leis
Gan Chlibeanna, Bí ar an gcéad duine leis an taifead seo a chlibeáil!
|
| Thư viện lưu trữ: | Mạng thư viện Đại học Đà Nẵng |
|---|
| LEADER | 01411nam a2200349 4500 | ||
|---|---|---|---|
| 001 | 000012832 | ||
| 003 | 9156 | ||
| 005 | 20120229090224.0 | ||
| 008 | 120229s2011 viesd | ||
| 041 | |a vie | ||
| 072 | |a Công trình nghiên cứu khoa học | ||
| 082 | |a 543 |b NG-A | ||
| 100 | |a Nguyễn, Thị Phương Anh |e Tác giả | ||
| 245 | |a Nghiên cứu tách ion Pb2+ trong nước bằng vật liệu hấp thụ tanin được chiết tách từ vỏ keo tai tượng |c Nguyễn Thị Phương Anh | ||
| 260 | |a Đại học Đà Nẵng |b Đại học Sư phạm |c 2011 | ||
| 300 | |a 30 tr. |c 29 cm | ||
| 490 | |a Báo cáo nghiên cứu khoa học khoa Hóa học. | ||
| 520 | |a Đặt vấn đề. Nguyên liệu và phương pháp nghiên cứu. Kết quả và thảo luận. | ||
| 653 | |a Tách ion Pb2+ | ||
| 653 | |a Hấp thụ tanin | ||
| 653 | |a Keo tai tượng | ||
| 700 | |a Lê Tự Hải |c PGS.TS |e Hướng dẫn | ||
| OWN | |a LSP | ||
| AVA | |a UDN50 |b LSP |d 543 NG-A |e available |t Error 5001 Not defined in file expand_doc_bib_avail. |f 1 |g 0 |h N |i 0 |k 1 | ||
| 999 | |a From the UDN01 | ||
| AVA | |a UDN50 |b LSP |d 543 NG-A |e available |t Error 5001 Not defined in file expand_doc_bib_avail. |f 1 |g 0 |h N |i 0 |k 1 | ||
| TYP | |a Monograph | ||
| TYP | |a Printed language | ||
| 980 | |a Mạng thư viện Đại học Đà Nẵng | ||